000 00679nam a2200217Ia 4500
005 20240315110157.0
008 131103s9999 xx 000 0 und d
040 _aLoreto College
041 _aEnglish
082 _a373.2
_bWOL
100 _aWolfenden,J.F.
245 4 _aThe Public Schools Today,
_b
_cJ.F.Wolfenden
250 _aa study in Boarding school education
260 _aLondon
_bUniversity Of London Press
_c1948
300 _a111 p.
_b ill.,fig.
440 _aEducational Issues of Today
504 _aIncludes index
650 _aSecondary Education,Secondary Schools and Kinds,Levels, Curricula Programs Of Specific
850 _aLCLIB
942 _cBK
999 _c10451
_d60930